El nino y los chivos / (Record no. 322402)
[ view plain ]
| 000 -LEADER | |
|---|---|
| fixed length control field | 02009cam a22004458i 4500 |
| 001 - CONTROL NUMBER | |
| control field | 20392025 |
| 005 - DATE AND TIME OF LATEST TRANSACTION | |
| control field | 20200320222318.0 |
| 008 - FIXED-LENGTH DATA ELEMENTS--GENERAL INFORMATION | |
| fixed length control field | 180309s2018 ilu b 000 0 spa |
| 010 ## - LIBRARY OF CONGRESS CONTROL NUMBER | |
| LC control number | 2018005103 |
| 020 ## - INTERNATIONAL STANDARD BOOK NUMBER | |
| International Standard Book Number | 9781599539522 (library edition : alk. paper) |
| 040 ## - CATALOGING SOURCE | |
| Original cataloging agency | DLC |
| Language of cataloging | eng |
| Description conventions | rda |
| Transcribing agency | DLC |
| 041 1# - LANGUAGE CODE | |
| Language code of text/sound track or separate title | spa |
| Language code of original and/or intermediate translations of text | eng |
| 042 ## - AUTHENTICATION CODE | |
| Authentication code | pcc |
| -- | lcac |
| 050 10 - LIBRARY OF CONGRESS CALL NUMBER | |
| Classification number | PZ74.1 |
| Item number | .H545 2018 |
| 082 00 - DEWEY DECIMAL CLASSIFICATION NUMBER | |
| Classification number | 398.2 |
| -- | E |
| Edition number | 23 |
| 100 1# - MAIN ENTRY--PERSONAL NAME | |
| Personal name | Hillert, Margaret, |
| Relator term | author. |
| 9 (RLIN) | 11791 |
| 240 10 - UNIFORM TITLE | |
| Uniform title | <a href="Boy and the goats.">Boy and the goats.</a> |
| Language of a work | Spanish |
| 245 13 - TITLE STATEMENT | |
| Title | El nino y los chivos / |
| Statement of responsibility, etc | por Margaret Hillert ; ilustrado por Sarolta Szulyovszky ; traducido por Eida Del Risco. |
| 263 ## - PROJECTED PUBLICATION DATE | |
| Projected publication date | 1807 |
| 264 #1 - Production, Publication, Distribution, Manufacture, and Copyright Notice. | |
| Place of production, publication, distribution, manufacture | Chicago, Illinois : |
| Name of producer, publisher, distributor, manufacturer | Norwood House Press, |
| Date of production, publication, distribution, manufacture, or copyr | [2018] |
| 300 ## - PHYSICAL DESCRIPTION | |
| Extent | 31 pages cm |
| 336 ## - Content Type | |
| Content type term | text |
| 336 ## - Content Type | |
| Content type term | still image |
| 337 ## - Media type | |
| Media type term | unmediated |
| 338 ## - Carrier type | |
| Carrier type term | volume |
| 490 0# - SERIES STATEMENT | |
| Series statement | A beginning-to-read book |
| 520 ## - SUMMARY, ETC. | |
| Summary, etc | "An easy story about a boy who can not retrieve his goats from a neighboring field, however, a rabbit, fox, wolf, and a bee come to his aid. Spanish only text, includes Spanish word list"-- |
| -- | Provided by publisher. |
| 650 #1 - SUBJECT ADDED ENTRY--TOPICAL TERM | |
| Topical term or geographic name as entry element | Folklore. |
| 9 (RLIN) | 6013638 |
| 650 #1 - SUBJECT ADDED ENTRY--TOPICAL TERM | |
| Topical term or geographic name as entry element | Spanish language materials. |
| 9 (RLIN) | 6013639 |
| 700 1# - ADDED ENTRY--PERSONAL NAME | |
| Personal name | Szulyovszky, Sarolta, |
| Relator term | illustrator. |
| 9 (RLIN) | 6013640 |
| 700 1# - ADDED ENTRY--PERSONAL NAME | |
| Personal name | Del Risco, Eida, |
| Relator term | translator. |
| 9 (RLIN) | 6013641 |
| 776 08 - ADDITIONAL PHYSICAL FORM ENTRY | |
| Display text | Online version: |
| Main entry heading | Hillert, Margaret, author. |
| Title | El nino y los chivos |
| Place, publisher, and date of publication | Chicago, Illinois : Norwood House Press, [2018] |
| International Standard Book Number | 9781684042517 |
| Record control number | (DLC) 2018011792 |
| 906 ## - LOCAL DATA ELEMENT F, LDF (RLIN) | |
| a | 7 |
| b | cbc |
| c | orignew |
| d | 1 |
| e | ecip |
| f | 20 |
| g | y-gencatlg |
| 925 0# - | |
| -- | do not acquire |
| -- | policy default |
| 942 ## - ADDED ENTRY ELEMENTS (KOHA) | |
| Koha item type | BOOK |
| 948 ## - LOCAL PROCESSING INFORMATION (OCLC); SERIES PART DESIGNATOR (RLIN) | |
| Series part designator, SPT (RLIN) | 10/31/2019 |
| z (OCLC) | Sirsi |
| 963 ## - | |
| -- | Lisa Walsh; phone: 773-467-0837; fax: 773-467-9686; email: lisa@norwoodhousepress.com; bc: lisa@norwoodhousepress.com |
| 996 ## - | |
| -- | 171642 |
| -- | 34301001657644 |
| -- | SPE |
| -- | bk |
| -- | wcl |
| -- | i |
| -- | 2 |
| -- | 22.60 |
| -- | Baker & Taylor |
| -- | Hil |
| -- | 10/31/2019 |
| -- | 01/23/2020 |
| -- | 01/03/2020 |
| Withdrawn status | Lost status | Source of classification or shelving scheme | Damaged status | Not for loan | Collection code | Home library | Current library | Shelving location | Date acquired | Source of acquisition | Cost, normal purchase price | Total Checkouts | Total Renewals | Full call number | Barcode | Date last seen | Date checked out | Cost, replacement price | Price effective from | Koha item type |
|---|---|---|---|---|---|---|---|---|---|---|---|---|---|---|---|---|---|---|---|---|
| Dewey Decimal Classification | Spanish Children NonFiction | Wasatch County Library | Wasatch County Library | First Floor | 10/31/2019 | 22.60 | 9 | 6 | E Cuentos Populares Hillert | 34301001657644 | 10/09/2025 | 10/30/2023 | 22.60 | 03/20/2020 | BOOK |
